Statistics for NFL players favorite player

Click here to take the quiz!

General Stats

  • This quiz has been taken 11 times
  • The average score is 9 of 37

Answer Stats

QuestionAnswer% Correct
Tom BradyJoe Montana
80%
Saquon BarkleyCurtis Martin
70%
Terry McLaurinMarvin Harrison
60%
Lamar JacksonMichael Vick
60%
Aaron RodgersJoe Montana
50%
A.J. BrownJulio Jones
50%
Kareem JacksonDeion Sanders
40%
Adam ThielenRandy Moss
40%
Carson WentzBrett Favre
30%
Minkah FitzpatrickBrian Dawkins
30%
Xavien HowardChamp Bailey
30%
Brian BurnsJulius Peppers
30%
Patrick MahomesTony Romo
30%
D'Andre SwiftBarry Sanders
20%
Justin SimmonsBrian Dawkins
20%
Marcus PetersCharles Woodson
20%
Preston SmithClinton Portis
20%
Quinnen WilliamsFletcher Cox
20%
CJ HendersonJoe Haden
20%
Bryce PerkinsMichael Vick
20%
Trevor LawrencePeyton Manning
20%
Carlos HydeRicky Williams
20%
Trey LanceTim Tebow
20%
Ryan TannehillTroy Aikman
20%
Daniel JonesJake Delhomme
10%
Ashtyn DavisJimmie Ward
10%
Jared GoffJoe Montana
10%
Damien HarrisPeyton Manning
10%
Jameis WinstonRandall Cunningham
10%
Tua TagovailoaReggie Bush
10%
Jamal AdamsTiki Barber
10%
David MontgomeryWalter Payton
10%
Aaron DonaldGeno Atkins
0%
Cole KmetGreg Olsen
0%
Tony PollardReggie Bush
0%
Jack DoyleReggie Wayne
0%
Dak PrescottTim Tebow
0%

Score Distribution

Percentile by Number Answered

Percent of People with Each Score

Your Score History

You have not taken this quiz